| 000 | 00574cam a2200217M 4500 | ||
|---|---|---|---|
| 001 | 90042 | ||
| 005 | 20230411090048.0 | ||
| 008 | 090722nuuuuuuuusp 000 0 spa d | ||
| 035 | _a(OCoLC)ocn434764128 | ||
| 040 |
_aBNM _bspa _cBNM _dOCLCQ |
||
| 015 | _aMON09 | ||
| 017 | _aB 29196-2009 | ||
| 020 | _z9788493340057 | ||
| 035 | _a(OCoLC)434764128 | ||
| 049 | _aGRAL | ||
| 245 | 0 | 0 | _aMinimización del impuesto y responsabilidad social corporativa [Texto impreso]. |
| 500 | _aInformación provisional. | ||
| 942 |
_2lcc _cbk |
||
| 994 |
_aC0 _bDRFGD |
||
| 946 | _aweb | ||
| 999 |
_c111813 _d111813 |
||